| 000 | 00593nam a2200181 4500 | ||
|---|---|---|---|
| 001 | 18677 | ||
| 005 | 20201125173904.0 | ||
| 007 | tu | ||
| 008 | 170314s1732||||||| ger | ||
| 245 | 0 | 0 |
_aRector Et Senatus Academiae Regiae Viadrinae _bL.B.S. A. MDCCXXXII |
| 264 |
_aFrankfurt (Oder) _bSchwartz _c1732 |
||
| 365 | _c€ | ||
| 546 | _adeutsch | ||
| 650 | 0 | 4 | _aUniversität |
| 650 | 0 | 4 | _aFrankfurt (Oder) |
| 650 | 0 | 4 | _aVorlesungsverzeichnis |
| 650 | 0 | 4 | _aHeineccius, Hoffmannus, Siegel, P.E. Jablonski, Gyöngyössi, Trier, Ring, á Bergen, Goelicke, Dithmarus, Westerman, Grillo, Hermann |
| 999 |
_c78944 _d78944 |
||